Statystyki dla Geografia quiz #73 - Państwa na literę I

Kliknij tutaj aby rozwiązać quiz!

Ogólne statystyki

  • Ten quiz został rozwiązany 33 razy
  • Średni wynik to 7 z 7

Statystyki odpowiedzi

PaństwoKontynentPowierzchniaLiczba ludności% Poprawnych
IrlandiaEuropa70 273 km²4 581 269
100%
IndonezjaAzja1 919 440 km²242 968 342
97%
IrakAzja438 317 km²30 399 572
97%
IranAzja1 648 195 km²70 495 782
97%
IslandiaEuropa103 125 km²306 694
97%
IndieAzja3 287 590 km²1 166 079 217
91%
IzraelAzja22 072 km²7 653 600
79%

Rozkład punktacji

Percentyl według liczby udzielonych odpowiedzi

Procent ludzi z każdym wynikiem

Twoja historia wyników

Nie rozwiązałeś tego quizu